Statistics for Jeopardy #8495

Click here to take the quiz!

General Stats

  • This quiz has been taken 22 times
  • The average score is 11 of 61

Answer Stats

CategoryCashClueAnswer% Correct
POPPING OUT POP CULTURE$200This "8 Mile" rapper, challenged to rhyme "orange": "I put my orange, 4-inch door hinge in storage & ate porridge"Eminem
93%
WHAT'S IN A GEOGRAPHIC NAME$200Belgium & 2 neighbors make up this 7-letter region, also a customs union begun in 1948Benelux
60%
THE OED SPEAKS CANADIAN$800An idiot string connects a pair of these woolen warmers to keep them from getting lostmittens
60%
PEARLS OF WISDOM$200Macau is on the other side of the Pearl River estuary from this Chinese special administrative regionHong Kong
53%
WHAT'S IN A GEOGRAPHIC NAME$1000The "P" in Pakistan comes from this region,the name of a Pakistani province & a state of IndiaPunjab
53%
IT IS ME YOU'RE LOOKING FOR?$200I'm wearing a red & white striped shirt & I'm stuck in a kids' picture book... are you looking for me?Waldo
53%
THE OED SPEAKS CANADIAN$400A two-four is a 24-unit case of thisbeer
47%
POPPING OUT POP CULTURE$1000"As much as I would love to watch you & your childhood karate rival duke it out", Amanda LaRusso of this Netflix show will pass, thanksCobra Kai
40%
PEARLS OF WISDOM$600He's the lead singer of Pearl JamEddie Vedder
40%
WHAT'S IN A GEOGRAPHIC NAME$800Named for a trapper who once lived there, this "Hole" is a fertile valley mostly in Wyoming's Grand Teton National ParkJackson Hole
40%
WHAT'S IN A GEOGRAPHIC NAME$400A star can become one of these, also the name of a 4-letter region that includes places like Arlington & Alexandrianova
40%
YOU SAY YOU WANT A REVOLUTION$1200The Russian Bolshevik Revolution of 1917 is also named for this monthOctober
40%
POPPING OUT POP CULTURE$6002021 marks 10 years of Christina Perri's "Twilight" anthem that says, "I have loved you for" this longa thousand years
33%
THE OED SPEAKS CANADIAN$200Schlockey, a schoolyard game, is also called "box" this sporthockey
33%
POPPING OUT POP CULTURE$400Chevy Chase said his home in this holiday film was Danny Glover's in "Lethal Weapon 2"; a blown-up toilet was still on the lawnNational Lampoon\'s Christmas Vacation
33%
YOU SAY YOU WANT A REVOLUTION$2000Early in the Arab Spring, this country's Jasmine Revolution was named for the country's national flowerTunisia
33%
YOU SAY YOU WANT A REVOLUTION$800The Bulldozer Revolution is named for heavy machinery at the front of protests in this Serbian capital in 2000Belgrade
27%
IT IS ME YOU'RE LOOKING FOR?$800I'm Roger Thornhill, an innocent guy being chased by shadowy forces in this 1959 Hitchcock film; now a plane's after me...!North by Northwest
27%
PUZZLES & GAMES$800A worldwide craze for these puzzles began after a New Zealand man invented a computer program to generate the number gridsSudoku
27%
THE OED SPEAKS CANADIAN$1000The 10 of these are divided into the economically prosperous "have" type & the less affluent "have-not" typethe provinces
27%
PUZZLES & GAMES$400A fine-bladed marquetry tool is thought to have been used to create the first of these around 1760a jigsaw puzzle
20%
CELLO$400When you think of a cello solo, you're probably thinking of this Baroque composer's cello prelude from around 1720Bach
20%
IT IS ME YOU'RE LOOKING FOR?$400For heaven's sake, Tommy Tutone; my number's 867-5309; I'm this girl with the "number on the wall", so just call alreadyJenny
20%
PEARLS OF WISDOM$800Nacre is another name for this iridescent substancemother-of-pearl
20%
IT IS ME YOU'RE LOOKING FOR?$1000There are only two of me in a standard deck of cards; call us by our hyphenated name & we just might make your house fulla one-eyed jack
13%
CELLO$600The uncrowned king of the cello, David Popper has a work titled this, what you'd sing under the window of your beloveda "Serenade"
13%
YOU SAY YOU WANT A REVOLUTION$400Myanmar's 2007 Saffron Revolution was named for the color of the robes of monks of this religion who participatedBuddhists
13%
WHAT'S IN A GEOGRAPHIC NAME$600Tribeca in the Big Apple stands for the "triangle below" this streetCanal Street
13%
CELLO$1000Portrayed on film in "Hilary & Jackie", the life of this British cellist was cut short by ms at age 42Jacqueline du Pré
13%
THE AUTHOR'S CHARACTERS$800The snobby lady Catherine de Bourgh & the treacherous John DashwoodJane Austen
13%
PEARLS OF WISDOM$1000"The Pearl", a story by this man, tells of a pearl diver named KinoSteinbeck
13%
YOU SAY YOU WANT A REVOLUTION$1600Nearly 30 years after the 1989 one in Czechoslovakia, Armenia had its own revolution named for this soft fabricvelvet
13%
THE AUTHOR'S CHARACTERS$400The doomed Frances Earnshaw, mom of the less doomed Hareton EarnshawEmily Brontë
7%
META"FOR"S$4003-word phrase meaning something that nourishes careful cogitationfood for thought
7%
THE AUTHOR'S CHARACTERS$1200José Arcadio, so magically real, & Fermina Daza(Gabriel García) Márquez
7%
PUZZLES & GAMES$2000White offers to let black capture a queenside pawn in this royal-sounding chess opening shown hereQueen\'s Gambit
7%
POPPING OUT POP CULTURE$800Alan Tudyk crash lands on Earth & his character assumes the form of local doctor Harry Vanderspeigle on this SYFY showResident Alien
7%
CELLO$800An excellent piece for the cello is "The Swan", from this work by Camille Saint-SaensThe Carnival of the Animals
7%
PLANETARY SCIENCE$400Mercury is one dense planet, with this interior section making up 55% of its volume vs. 16% for Earththe core
7%
PUZZLES & GAMES$1600An '80s game similar to hangman designed to teach French vocabulary & spelling is named for this deadly implementthe guillotine
7%
CELLO$200This cellist founded a music collective called the Silkroad Ensemble, with whom he plays celloYo-Yo Ma
7%
THE OED SPEAKS CANADIAN$600An Ontario resort region gives its name to the Muskoka this, typically made of slatted wood & resembling the Adirondack typea chair
0%
META"FOR"S$2000Erasmus referred to Thomas More as "omnium horarum homo", this play titleA Man for All Seasons
0%
IT IS ME YOU'RE LOOKING FOR?$600Abducted & sealed away "In a sepulchre by the sea", I'm this lost love, sought for in a Poe poemAnnabel Lee
0%
PLANETARY SCIENCE$2000HD 209458b was the first planet discovered via this eclipse-like event where planets cross in front of starsa transit
0%
ACTORS & ACCENTS$400Emma Stone says her accent in the 2021 movie named for this Disney villain is more 1940s movie actor than pure BritishCruella (de Vil)
0%
PUZZLES & GAMES$1200The puzzle alliteratively known as this man's "Revenge" adds extra rows & has no fixed center piecesErno Rubik (Rubik\'s Revenge)
0%
PLANETARY SCIENCE$1600In 1675 he discovered a division within Saturn's rings, which he declared to be made up of little moonletsGiovanni Domenico Cassini
0%
ACTORS & ACCENTS$2000Before lending his voice to many Pixar projects, this New Englander did one of the few actual Boston accents on "Cheers"(John) Ratzenberger
0%
ACTORS & ACCENTS$1200She mastered the tricky vowels of Delaware County, Pennsylvania as the title cop on "Mare of Easttown"Kate Winslet
0%
ACTORS & ACCENTS$800Jonathan Groff from Lancaster, Pennsylvania worked up a posh English accent for this Broadway role in "Hamilton"King George III
0%
THE AUTHOR'S CHARACTERS$2000Tralfamadorians & (God bless you,) Eliot RosewaterKurt Vonnegut
0%
ACTORS & ACCENTS$1600She got the feel of her Brooklyn accent in "The Wolf of Wall Street" by waving her nails around as if they were still wet from a manicureMargot Robbie
0%
PEARLS OF WISDOM$400Fittingly, the Pearlmaster watch is part of this Rolex collectionOyster
0%
THE AUTHOR'S CHARACTERS$1600Charles Lindbergh & Sophie Portnoy, a good smother... I mean a good mother!Philip Roth
0%
PLANETARY SCIENCE$120015 years before its official discovery, it was photographed in 1915 by Lowell Observatory, which didn't know what it wasPluto
0%
META"FOR"S$1600This 1950s TV show had 4 women, each with a tale of woe, competing for the temporary royal titleQueen for a Day
0%
1970s TOP 40 HITSN/ASeeing a poster for a production of "Cyrano de Bergerac" in a seedy Paris hotel & ladies of the evening nearby inspired this hit"Roxanne"
0%
META"FOR"S$800Someone who's been cheated has been this, a metaphorical phrase involving a journeytaken for a ride
0%
META"FOR"S$1200If you "can't see" this, you're too involved in the details of a subject to understand the big picturethe forest for the trees
0%
PLANETARY SCIENCE$800Ancient astronomers finally realized Phosphorus, seen in the morning, & Hesperus, in the evening--both this planetVenus
0%

Score Distribution

Percentile by Number Answered

Percent of People with Each Score

Your Score History

You have not taken this quiz